| 000 | 00000nam##2200000za#4500 |
| 001 | 9.675802 |
| 003 | CaOODSP |
| 005 | 20210624225436 |
| 007 | cr ||||||||||| |
| 008 | 150407|2000||||xxc|||||o f|0| 0 fre|d |
| 040 | |aCaOODSP|bfre |
| 041 | |aeng |
| 041 | |afre |
| 043 | |an-cn--- |
| 086 | 1 |aH21-151/2000-PDF |
| 110 | 1 |aCanada.|bSanté Canada. |bBureau de la santé et l'inforoute. |
| 245 | 10|aLes technologies de l'information et des communications au service de la santé / |h[ressource électronique]|c[publié par] Bureau de la santé et l'inforoute, Direction générale de l'information, de l'analyse et de la connectivité. |
| 260 | |aOttawa - Ontario : |bSanté Canada. |cFévrier 2000. |
| 300 | |a46p.|bgraphiques, cartes, photographies |
| 500 | |aLe n° de catalogue (H21-151/2000) et l'ISBN (0-662-64684-3) de l'édition imprimée bilingue ont été incorrectement copiés dans l'édition électronique. |
| 590 | |a12-30-Supp|b2012-06-28 |
| 691 | 07|aSanté|2gcpds |
| 691 | 07|aSoins de santé|2gcpds |
| 691 | 07|aTechnologie de l'information|2gcpds |
| 691 | 07|aTechnologie médicale|2gcpds |
| 791 | |tInformation and communications technologies for better health / |eeng|w(CaOODSP)9.675801 |
| 856 | 40|ahttp://publications.gc.ca|qPDF|s1.90 Mo|uhttps://publications.gc.ca/collections/Collection/H21-151-2000.pdf |